عرض عادي
عرض مارك
- Crutchfield, Robert D
دخول Personal Name
001 - CONTROL NUMBER
- control field: 24102
003 - CONTROL NUMBER IDENTIFIER
- control field: AE-AdECS
005 - DATE AND TIME OF LATEST TRANSACTION
- control field: 20251209133501.0
008 - FIXED-LENGTH DATA ELEMENTS
- fixed length control field: 251209|| aca||aabn | a|a d
040 ## - CATALOGING SOURCE
- Original cataloging agency: AE-AdECS
- Transcribing agency: AE-AdECS
100 ## - HEADING--PERSONAL NAME
- Personal name: Crutchfield, Robert D
670 ## - SOURCE DATA FOUND
- Source citation: Work cat.: (AE-AdECS)293395: Crutchfield, Robert D. author, Get a job :
